A Dark Night's Passing/ (Record no. 112931)
[ view plain ]
| 000 -LEADER | |
|---|---|
| fixed length control field | 00479cam a2200169 4500 |
| 008 - FIXED-LENGTH DATA ELEMENTS--GENERAL INFORMATION | |
| fixed length control field | 090720n 000 0 eng u |
| 020 ## - INTERNATIONAL STANDARD BOOK NUMBER | |
| International Standard Book Number | 0870112791 |
| 035 ## - SYSTEM CONTROL NUMBER | |
| System control number | (Sirsi) a166148 |
| 040 ## - CATALOGING SOURCE | |
| Original cataloging agency | CIP |
| 050 ## - LIBRARY OF CONGRESS CALL NUMBER | |
| Classification number | PL816.H5D3 |
| 100 ## - MAIN ENTRY--PERSONAL NAME | |
| Personal name | Shiga, Naoya |
| 245 ## - TITLE STATEMENT | |
| Title | A Dark Night's Passing/ |
| Statement of responsibility, etc. | Naoya Shiga and translated by Edwin McClellan |
| 260 ## - PUBLICATION, DISTRIBUTION, ETC. | |
| Place of publication, distribution, etc. | New York: |
| Name of publisher, distributor, etc. | Kodansha International, |
| Date of publication, distribution, etc. | 1976 |
| 300 ## - PHYSICAL DESCRIPTION | |
| Extent | 408p. |
| 650 ## - SUBJECT ADDED ENTRY--TOPICAL TERM | |
| Topical term or geographic name entry element | Literary classics |
| 700 ## - ADDED ENTRY--PERSONAL NAME | |
| Personal name | McClellan, Edwin |
No items available.